Android Hacker's Handbook (Record no. 341664)
[ view plain ]
| 000 -LEADER | |
|---|---|
| fixed length control field | 00465nam a2200169Ia 4500 |
| 008 - FIXED-LENGTH DATA ELEMENTS--GENERAL INFORMATION | |
| fixed length control field | 230718s9999 xx 000 0 und d |
| 020 ## - INTERNATIONAL STANDARD BOOK NUMBER | |
| International Standard Book Number | 9788126549221 |
| 041 ## - LANGUAGE CODE | |
| Language code of text/sound track or separate title | eng |
| 082 ## - DEWEY DECIMAL CLASSIFICATION NUMBER | |
| Classification number | 005.8 |
| Item number | DRA |
| 100 ## - MAIN ENTRY--PERSONAL NAME | |
| Personal name | Drake J.J. |
| 245 ## - TITLE STATEMENT | |
| Title | Android Hacker's Handbook |
| 260 ## - PUBLICATION, DISTRIBUTION, ETC. (IMPRINT) | |
| Date of publication, distribution, etc. | 2014 |
| Name of publisher, distributor, etc. | Wiley |
| 300 ## - PHYSICAL DESCRIPTION | |
| Extent | 545 |
| 365 ## - TRADE PRICE | |
| Currency code | Rs. |
| Price amount | 799.00 |
| 700 ## - ADDED ENTRY--PERSONAL NAME | |
| Personal name | Drake J.J.; Fora P.O.; Lanier Z. & Mulliner C. |
| 906 ## - LOCAL DATA ELEMENT F, LDF (RLIN) | |
| d | O:0494508-Feb-2016B:SE/SI/257929-Oct-2015 |
| c | IT |
| b | 671.16 |
| Withdrawn status | Lost status | Damaged status | Not for loan | Home library | Current library | Date acquired | Vendor | Budget Code | Cost, normal purchase price | Bill number | Total Checkouts | Full call number | Barcode | Date last seen | Discount | Cost, replacement price | Bill Date | Koha item type | Original Barcode |
|---|---|---|---|---|---|---|---|---|---|---|---|---|---|---|---|---|---|---|---|
| Cummins College of Engineering for Women Pune | Cummins College of Engineering for Women Pune | 08/02/2016 | Suyog Enterprises | IT | 575.28 | SE/SI/2579 | 005.8 | CCEP-BK-52871 | 18/07/2023 | 671.16 | 799.00 | 29/10/2015 | Books | 052871 |